000 00500nam a22001817a 4500
005 20251108165416.0
008 250721s2002 xx 000 0 ara d
082 1 4 _a658.82/معل
100 1 _aمعلا، ناجي
245 1 0 _aبحوث التسويق :
_bمدخل منهجي تحليلي /
250 _aط2
264 1 _aعمان :
_bدار وائل،
_c2002.
300 _a336ص.
650 1 7 _aالتسويق
650 1 7 _aإدارة المبيعات
942 _2ddc
_cBK
999 _c27205
_d27205